Acts of the ... annual session of the ... legislature of the State of New Jersey and ... under the new constitution.

Saved in:
Bibliographic Details
Previous Title:New Jersey. Laws, etc. Acts of the ... legislature of the state of New Jersey, and ... session under the constitution
Corporate Author: New Jersey.
Format: Serial
Language:English
Published: [S.l. : s.n.], 1970-
Subjects:
Tags: Add Tag
No Tags, Be the first to tag this record!
LEADER 00895cas a2200265 a 4500
001 008564684-9
005 20020606104010.5
008 870303c19709999njuar l 0 0eng d
010 |a sn 95040555  
035 0 |a ocm15261836 
040 |a PHA  |c PHA  |d NYG  |d OCL  |d HLS 
043 |a n-us-nj 
110 1 |a New Jersey. 
240 1 0 |a Laws, etc. 
245 1 0 |a Acts of the ... annual session of the ... legislature of the State of New Jersey and ... under the new constitution. 
260 |a [S.l. :  |b s.n.],  |c 1970- 
300 |a v. ;  |c 23 cm. 
310 |a Annual 
362 0 |a 194th (1970)- 
650 0 |a Law  |z New Jersey. 
650 0 |a Legislation  |z New Jersey. 
650 0 |a Session laws  |z New Jersey. 
780 0 0 |a New Jersey.  |s Laws, etc.  |t Acts of the ... legislature of the state of New Jersey, and ... session under the constitution  |w (DLC)sn 95040554  |w (OCoLC)33145343 
988 |a 20020608 
906 |0 OCLC